Największe miasta w Hiszpanii zawierające literę - Statystyki

Ogólne statystyki
  • Ten quiz został rozwiązany 262 razy
  • Średni wynik to 17 z 26
Statystyki odpowiedzi
Litera Miasto % Poprawnych
A Madryt
100%
D Madryt
100%
M Madryt
100%
R Madryt
100%
T Madryt
100%
Y Madryt
100%
B Barcelona
99%
C Barcelona
99%
E Barcelona
99%
L Barcelona
99%
N Barcelona
99%
O Barcelona
99%
I Sewilla
80%
S Sewilla
80%
J Walencja
79%
W Walencja
79%
G Saragossa
51%
P Palma
33%
U Murcja
28%
K Kordoba
24%
V Valladolid
24%
F Jerez de la Frontera
8%
H L’Hospitalet de Llobregat
8%
X Elx / Getxo
5%
Z Vitoria-Gasteiz
5%
Q Roquetas de Mar
0%
Nie znaleziono quizów pasujących do podanych kryteriów
Rozkład punktacji
Procent ludzi z każdym wynikiem
Percentyl według liczby udzielonych odpowiedzi
Twoja historia wyników
Nie rozwiązałeś tego quizu